000
00230nam a2200097Ia 4500
001
700186
005
20250826162248.0
008
250824s9999 xx 000 0 und d
245
0
_a
Akıl Gözü
_c
Daniel J. Siegel
260
_b
KORİDOR
999
_c
700186
_d
700186